Culture and society, 1780-1950 /

Uloženo v:
Podrobná bibliografie
Hlavní autor: Williams, Raymond.
Médium: Kniha
Jazyk:English
Vydáno: New York : Columbia University Press, 1983.
Témata:
Tagy: Přidat tag
Žádné tagy, Buďte první, kdo otaguje tento záznam!
Thư viện lưu trữ: Mạng thư viện Đại học Đà Nẵng
LEADER 00899cam a2200337 i 4500
001 000045105
003 4230
005 20030225145809.0
008 010220|1983 vm 000 eng
020 |a 0231057016 (pbk.) 
040 |a IRC  |c IRC  |d IRC 
041 0 |a eng 
082 1 4 |a 306.40941  |b WI-R 
100 1 |a Williams, Raymond. 
245 0 0 |a Culture and society, 1780-1950 /  |c Raymond Williams. 
260 |a New York :  |b Columbia University Press,  |c 1983. 
300 |a xx, 362p. 
630 0 4 |a Culture. 
630 0 4 |a Society. 
650 0 4 |a Great Britain  |b Intellectual life  |y 19th century. 
650 0 4 |a Great Britain  |b Intellectual life  |y 20th century. 
OWN |a DUT 
999 |a From the UDN01 
TYP |a Monograph 
TYP |a Printed language 
980 |a Mạng thư viện Đại học Đà Nẵng